[Event "2eme Open Tarn Nord"]
[Site "Blaye les Mines"]
[Date "2010.??.??"]
[Round "5.7"]
[White "Gipouloux, Laurent"]
[Black "Valente, Alexandre"]
[Result "1-0"]
[WhiteElo "1760"]
[BlackElo "1700"]
[PlyCount "79"]
[EventDate "2006.??.??"]
[EventType "swiss"]
[EventRounds "7"]
[EventCountry "FRA"]
[WhiteTeamCountry "FRA"]
[BlackTeamCountry "FRA"]

1. e4 c5 2. Nf3 d6 3. d4 cxd4 4. Nxd4 Nf6 5. Nc3 a6 6. Be3 e5 7. Nb3 Be6 8. Na4
Nbd7 9. Bd3 Be7 10. c4 O-O 11. O-O Qc7 12. Rc1 Nc5 13. Naxc5 dxc5 14. f4 Ng4
15. Bd2 exf4 16. Bxf4 Ne5 17. Rc3 f6 18. Qh5 Bf7 19. Qf5 Bd6 20. Bc2 Nxc4 21.
e5 Bg6 22. exd6 Bxf5 23. dxc7 Bxc2 24. Rxc2 Nb6 25. Nxc5 Nc8 26. Nxb7 Re8 27.
Nd6 Nxd6 28. Bxd6 Rac8 29. Rc6 Re6 30. Rxa6 Kf7 31. Rc1 Ree8 32. b4 f5 33. b5
g6 34. b6 Ke6 35. b7 Rxc7 36. Bxc7+ Kd7 37. Rd6+ Ke7 38. Re1+ Kf7 39. Rxe8 Kxe8
40. b8=Q+ 1-0

[Event "Championnat de Ligue Individuel"]
[Site "Vendin les Bethune"]
[Date "2010.??.??"]
[Round "7.7"]
[White "Griffon, Olivier"]
[Black "Delassus, Sebastien"]
[Result "1-0"]
[WhiteElo "1970"]
[BlackElo "1720"]
[PlyCount "53"]
[EventDate "2008.??.??"]
[EventType "swiss"]
[EventRounds "7"]
[EventCountry "FRA"]
[WhiteTeamCountry "FRA"]
[BlackTeamCountry "FRA"]

1. e4 c5 2. Nc3 Nc6 3. g3 g6 4. Bg2 Bg7 5. d3 d6 6. Be3 Nf6 7. Qd2 O-O 8. Bh6
Be6 9. Bxg7 Kxg7 10. h4 h5 11. f4 Nh7 12. O-O-O Qa5 13. Kb1 b5 14. f5 b4 15.
Nd5 Bxd5 16. exd5 Ne5 17. Rf1 Rac8 18. fxg6 fxg6 19. Nh3 Rf6 20. Nf4 Kf7 21.
Bh3 Rb8 22. Ne6 Nf8 23. Qh6 Ned7 24. Rxf6+ exf6 25. Qg7+ Ke8 26. Nxf8 Nxf8 27.
Re1+ 1-0

[Event "Championnat de Ligue Individuel"]
[Site "Vendin les Bethune"]
[Date "2010.??.??"]
[Round "3.13"]
[White "Griffon, Olivier"]
[Black "Dupont, Daniel Noel"]
[Result "1-0"]
[WhiteElo "1970"]
[BlackElo "1540"]
[PlyCount "59"]
[EventDate "2008.??.??"]
[EventType "swiss"]
[EventRounds "7"]
[EventCountry "FRA"]
[WhiteTeamCountry "FRA"]
[BlackTeamCountry "FRA"]

1. d4 e6 2. e3 d5 3. Bd3 g6 4. c3 Bg7 5. Nd2 Nd7 6. f4 c5 7. Ngf3 cxd4 8. cxd4
f6 9. O-O Nh6 10. b3 O-O 11. Nh4 Nf5 12. Qg4 Qe8 13. Qh3 Nxh4 14. Qxh4 f5 15.
g4 Nf6 16. g5 Ne4 17. Rf3 Rf7 18. Qe1 Bf8 19. h4 Rg7 20. Rh3 Bb4 21. Nxe4 fxe4
22. Qxb4 exd3 23. Rh2 Qf7 24. Ba3 b6 25. Qc3 Qf5 26. Rc1 Bb7 27. Rd2 Rc8 28.
Qxc8+ Bxc8 29. Rxc8+ Kf7 30. Rf8# 1-0

[Event "Championnat de Ligue Individuel"]
[Site "Vendin les Bethune"]
[Date "2010.??.??"]
[Round "6.9"]
[White "Griffon, Olivier"]
[Black "Lambert, Rene"]
[Result "1-0"]
[WhiteElo "1970"]
[BlackElo "1707"]
[PlyCount "45"]
[EventDate "2008.??.??"]
[EventType "swiss"]
[EventRounds "7"]
[EventCountry "FRA"]
[WhiteTeamCountry "FRA"]
[BlackTeamCountry "FRA"]

1. d4 d6 2. e4 g6 3. c4 Bg7 4. f4 Nd7 5. Nf3 c5 6. d5 Nb6 7. Nc3 e6 8. dxe6
Bxe6 9. Nb5 Bf8 10. b3 a6 11. Nc3 Bg7 12. Bb2 Ne7 13. Bd3 O-O 14. O-O Nd7 15.
f5 gxf5 16. Ng5 fxe4 17. Ncxe4 Ng6 18. Qh5 h6 19. Nxe6 fxe6 20. Qxg6 e5 21.
Rxf8+ Nxf8 22. Qg4 Qd7 23. Nf6+ 1-0

[Event "Condom op 10th"]
[Site "Condom"]
[Date "2010.??.??"]
[Round "6.3"]
[White "Grigore, George Gabriel"]
[Black "Bujisho, Benjamin"]
[Result "1/2-1/2"]
[WhiteElo "2532"]
[BlackElo "2418"]
[PlyCount "114"]
[EventDate "2010.07.??"]
[EventType "swiss"]
[EventRounds "9"]
[EventCountry "FRA"]
[WhiteTeamCountry "FRA"]
[BlackTeamCountry "FRA"]

1. d4 Nf6 2. c4 g6 3. Nc3 Bg7 4. Nf3 O-O 5. e4 d6 6. Be2 e5 7. O-O Nc6 8. Be3
h6 9. d5 Ne7 10. Nd2 c5 11. Rb1 Nd7 12. b4 b6 13. bxc5 Nxc5 14. Nb3 f5 15. Nxc5
bxc5 16. f3 f4 17. Bf2 g5 18. g4 fxg3 19. hxg3 h5 20. Qd2 Ng6 21. Kg2 a6 22.
Rh1 h4 23. g4 Ra7 24. Bd1 Raf7 25. Be3 h3+ 26. Rxh3 Nh4+ 27. Rxh4 gxh4 28. Be2
Bf6 29. Rh1 Rh7 30. Nd1 Qe8 31. Nf2 Qg6 32. Bd1 Bd8 33. Be2 Bd7 34. Bd1 a5 35.
Be2 a4 36. Bd1 Be8 37. Qc1 Rff7 38. Bd2 Rb7 39. Bc2 Bd7 40. Bd3 Rg7 41. Kh2 Qf7
42. Kg2 Rg6 43. Be2 Rb8 44. Nd3 Bf6 45. Nf2 Qe7 46. Nh3 Qd8 47. Rg1 Qb6 48. Bc3
Kf7 49. Kh2 Rbg8 50. Rg2 Qa7 51. Qf1 Ke8 52. Qc1 Bd8 53. Qd1 Ba5 54. Be1 Bxe1
55. Qxe1 Rh6 56. Qd2 Rhh8 57. f4 exf4 1/2-1/2

[Event "Condom op 10th"]
[Site "Condom"]
[Date "2010.??.??"]
[Round "4.7"]
[White "Grigore, George Gabriel"]
[Black "Tesan, Michael"]
[Result "1-0"]
[WhiteElo "2532"]
[BlackElo "2080"]
[PlyCount "45"]
[EventDate "2010.07.??"]
[EventType "swiss"]
[EventRounds "9"]
[EventCountry "FRA"]
[WhiteTeamCountry "FRA"]
[BlackTeamCountry "FRA"]

1. d4 Nf6 2. c4 e6 3. Nc3 Bb4 4. Qc2 O-O 5. a3 Bxc3+ 6. Qxc3 b6 7. Bg5 Bb7 8.
e3 d6 9. Ne2 Nbd7 10. Qc2 Qe8 11. Nc3 c5 12. Rd1 a6 13. dxc5 dxc5 14. Be2 Ne5
15. O-O Qc6 16. f3 Rad8 17. Rxd8 Rxd8 18. Ne4 Neg4 19. Rd1 Rxd1+ 20. Qxd1 h6
21. Qd8+ Ne8 22. Be7 Kh7 23. fxg4 1-0

[Event "Championnat de Ligue Individuel"]
[Site "Vendin les Bethune"]
[Date "2010.??.??"]
[Round "1.8"]
[White "Groux, Lionel"]
[Black "Griffon, Olivier"]
[Result "1-0"]
[WhiteElo "1619"]
[BlackElo "1970"]
[PlyCount "45"]
[EventDate "2008.??.??"]
[EventType "swiss"]
[EventRounds "7"]
[EventCountry "FRA"]
[WhiteTeamCountry "FRA"]
[BlackTeamCountry "FRA"]

1. e4 c5 2. c3 d5 3. e5 d4 4. Nf3 d3 5. Qa4+ Nc6 6. Qb5 e6 7. Qxd3 Qc7 8. Qe4
Nge7 9. d4 cxd4 10. cxd4 Nd5 11. Bd2 Qb6 12. b3 Bb4 13. Bc4 O-O 14. O-O Bxd2
15. Nbxd2 Rd8 16. Ng5 g6 17. Qh4 h5 18. Nde4 Qxd4 19. Bxd5 Rxd5 20. Qf4 Rd7 21.
Nf6+ Kg7 22. Ne8+ Kf8 23. Nxe6+ 1-0

[Event "Championnat de Ligue Individuel"]
[Site "Vendin les Bethune"]
[Date "2010.??.??"]
[Round "7.11"]
[White "Groux, Lionel"]
[Black "Lambert, Rene"]
[Result "1-0"]
[WhiteElo "1619"]
[BlackElo "1707"]
[PlyCount "94"]
[EventDate "2008.??.??"]
[EventType "swiss"]
[EventRounds "7"]
[EventCountry "FRA"]
[WhiteTeamCountry "FRA"]
[BlackTeamCountry "FRA"]

1. e4 d6 2. f4 g6 3. Nf3 Bg7 4. d4 Nf6 5. Nc3 b6 6. Bd3 Nbd7 7. Be3 c5 8. e5
Ng4 9. Bg1 Bb7 10. exd6 exd6 11. dxc5 Qe7+ 12. Qe2 Qxe2+ 13. Nxe2 dxc5 14.
O-O-O O-O 15. Bb5 Ndf6 16. h3 Nh6 17. Ne1 a6 18. Bd3 Rfe8 19. Rh2 Nd5 20. g4
Nb4 21. g5 Nxd3+ 22. Rxd3 Nf5 23. Rb3 Bd5 24. Rxb6 Ng3 25. Kd2 Rad8 26. Nxg3
Bxa2+ 27. Nd3 c4 28. Rxa6 Bb1 29. Kc1 cxd3 30. Kxb1 Re1+ 31. Ka2 d2 32. Rxd2
Rxd2 33. Ra8+ Bf8 34. Bc5 Red1 35. Rxf8+ Kg7 36. f5 gxf5 37. Nxf5+ Kg6 38. Ne7+
Kh5 39. Rxf7 Rxc2 40. Rxh7+ Kxg5 41. h4+ Kg4 42. Bb4 Rc7 43. h5 Ra7+ 44. Ba3
Rh1 45. h6 Kg5 46. Rg7+ Kh5 47. h7 Ra8 1-0

[Event "Open International d'Ambès 2010"]
[Site "Ambes"]
[Date "2010.??.??"]
[Round "2.16"]
[White "Guenin, Pierre"]
[Black "Quideau, Patrice"]
[Result "1/2-1/2"]
[WhiteElo "1664"]
[BlackElo "1780"]
[PlyCount "77"]
[EventDate "2010.04.??"]
[EventType "swiss"]
[EventRounds "9"]
[EventCountry "FRA"]
[WhiteTeamCountry "FRA"]
[BlackTeamCountry "FRA"]

1. d4 Nf6 2. Nf3 d5 3. g3 c5 4. c3 e6 5. Bg2 Be7 6. O-O O-O 7. Re1 Nc6 8. e3
Bd7 9. Ne5 Rb8 10. Nd2 cxd4 11. exd4 b5 12. b4 Qc7 13. Bb2 Rfc8 14. Rc1 Bd6 15.
f4 Ne7 16. a3 Ng6 17. Nb3 Bc6 18. Nc5 Bxc5 19. bxc5 a5 20. Re2 Nxe5 21. fxe5
Ne4 22. Re3 Qe7 23. Qe2 f6 24. exf6 gxf6 25. Bxe4 dxe4 26. Ba1 f5 27. Rd1 Bd5
28. Re1 Qg5 29. Qf2 Rb7 30. Bb2 Rg7 31. Bc1 Qg4 32. Kh1 Rf8 33. Qf4 Qxf4 34.
gxf4 Kf7 35. Rg1 Rfg8 36. Rgg3 Rg6 37. Kg1 h5 38. Rxg6 Rxg6+ 39. Rg3 1/2-1/2

[Event "GMI w Condom 2010"]
[Site "Condom"]
[Date "2010.??.??"]
[Round "6.2"]
[White "Guichard, Pauline"]
[Black "Fomichenko, Svetlana"]
[Result "1-0"]
[WhiteElo "2320"]
[BlackElo "2217"]
[PlyCount "75"]
[EventDate "2010.07.??"]
[EventType "tourn"]
[EventCountry "FRA"]
[WhiteTeamCountry "FRA"]
[BlackTeamCountry "FRA"]

1. d4 d5 2. c4 e6 3. Nf3 Nf6 4. Nc3 Be7 5. Bf4 c6 6. e3 O-O 7. Bd3 dxc4 8. Bxc4
Nd5 9. Bg3 Nd7 10. O-O N7f6 11. Qc2 Nh5 12. Be5 f6 13. Bg3 Nxg3 14. hxg3 Qe8
15. Ne2 f5 16. e4 Nb4 17. Qb1 b5 18. Bb3 Kh8 19. Nf4 Bd6 20. a3 Na6 21. e5 Bb8
22. Ng5 Nc7 23. Qa2 Nd5 24. Rac1 a5 25. Bxd5 cxd5 26. Rxc8 Qxc8 27. Nfxe6 Re8
28. Qxd5 Ra7 29. Nc5 Rf8 30. e6 Re7 31. Nd7 Rfe8 32. Qxf5 g6 33. Qf6+ Rg7 34.
Nf7+ Kg8 35. Nh6+ Kh8 36. d5 Qa6 37. Qd4 Ba7 38. Qe5 1-0

[Event "GMI w Condom 2010"]
[Site "Condom"]
[Date "2010.??.??"]
[Round "2.4"]
[White "Guichard, Pauline"]
[Black "Gutierrez Castillo, Paloma"]
[Result "1-0"]
[WhiteElo "2320"]
[BlackElo "2167"]
[PlyCount "67"]
[EventDate "2010.07.??"]
[EventType "tourn"]
[EventCountry "FRA"]
[WhiteTeamCountry "FRA"]
[BlackTeamCountry "FRA"]

1. d4 Nf6 2. c4 g6 3. Nc3 Bg7 4. e4 d6 5. Be2 O-O 6. Nf3 e5 7. O-O Nc6 8. d5
Ne7 9. Ne1 Nd7 10. Be3 f5 11. f3 f4 12. Bf2 g5 13. Rc1 a6 14. Nd3 Rf6 15. c5
Rh6 16. cxd6 cxd6 17. Be1 Nf6 18. Nf2 Rg6 19. Nb1 Qb6 20. Qb3 Qa7 21. Rc7 Bf8
22. Ba5 g4 23. Bb6 Qb8 24. fxg4 Nxg4 25. Bxg4 Bxg4 26. Nxg4 Rxg4 27. Qh3 Rg7
28. Qe6+ Kh8 29. Qxd6 Nxd5 30. Qxd5 Rxc7 31. Qxe5+ Rg7 32. Bd4 Qxe5 33. Bxe5
Bc5+ 34. Kh1 {suite illisible} 1-0

[Event "GMI w Condom 2010"]
[Site "Condom"]
[Date "2010.??.??"]
[Round "3.2"]
[White "Gutierrez Castillo, Paloma"]
[Black "Benmesbah, Natacha"]
[Result "1-0"]
[WhiteElo "2167"]
[BlackElo "2165"]
[PlyCount "113"]
[EventDate "2010.07.??"]
[EventType "tourn"]
[EventCountry "FRA"]
[WhiteTeamCountry "FRA"]
[BlackTeamCountry "FRA"]

1. e4 c5 2. Nf3 d6 3. Bb5+ Nd7 4. d4 Ngf6 5. Nc3 cxd4 6. Qxd4 a6 7. Bc4 e6 8.
O-O Be7 9. Bg5 b5 10. Bb3 Qb6 11. Qxb6 Nxb6 12. e5 dxe5 13. Nxe5 Bb7 14. Ne2 h6
15. Bd2 Ne4 16. Ba5 Nd5 17. c4 bxc4 18. Nxc4 O-O 19. Rad1 Rac8 20. Nb6 Nxb6 21.
Bxb6 Nc5 22. Bc2 Bf6 23. b4 Ne4 24. Bb3 Bc6 25. Nd4 Nc3 26. Rd2 Bd5 27. Bxd5
Nxd5 28. Bc5 Rfd8 29. Ne2 a5 30. a3 axb4 31. axb4 Rb8 32. Rb1 Rdc8 33. Rdd1 Rb5
34. g3 Rcb8 35. Bd6 R8b6 36. Bc5 Rb7 37. Rxd5 exd5 38. Rd1 Rd7 39. Nf4 d4 40.
Nh5 Be7 41. Bxe7 Rxe7 42. Nf4 Rd7 43. Nd3 f6 44. Kg2 Kf7 45. Kf3 Rb8 46. Rc1
Ra8 47. Ke4 Re8+ 48. Kf3 Rd5 49. Rc4 f5 50. h4 g6 51. Rc6 Rd7 52. h5 Ra7 53.
hxg6+ Kg7 54. Rd6 Re4 55. Nc5 Rg4 56. b5 Rc7 57. Ne6+ 1-0

[Event "GMI w Condom 2010"]
[Site "Condom"]
[Date "2010.??.??"]
[Round "1.1"]
[White "Gutierrez Castillo, Paloma"]
[Black "Bissieres, Mathieu"]
[Result "0-1"]
[WhiteElo "2167"]
[BlackElo "2344"]
[PlyCount "98"]
[EventDate "2010.07.??"]
[EventType "tourn"]
[EventCountry "FRA"]
[WhiteTeamCountry "FRA"]
[BlackTeamCountry "FRA"]

1. e4 e6 2. Nf3 c5 3. g3 Nc6 4. Bg2 Qc7 5. Nc3 a6 6. a4 Nf6 7. d3 Be7 8. O-O d6
9. Re1 O-O 10. Bf4 Nd7 11. Bg5 Bxg5 12. Nxg5 h6 13. Nf3 Nd4 14. Ne2 e5 15. c3
Nxf3+ 16. Bxf3 Nf6 17. Bg2 Bg4 18. f3 Bd7 19. d4 cxd4 20. cxd4 Qb6 21. Qd2 Rac8
22. a5 Qb5 23. Rec1 Rc4 24. Rxc4 Qxc4 25. Rc1 Qb3 26. dxe5 dxe5 27. Rc7 Bc6 28.
Re7 Re8 29. Rxe8+ Bxe8 30. Nc1 Qc4 31. Bf1 Qc5+ 32. Kg2 Bc6 33. Bd3 Qd4 34. Nb3
Qd6 35. Qc3 Nd7 36. Bc4 Kf8 37. Kf2 Nc5 38. Qd2 Qe7 39. Nc1 Bxe4 40. b4 Bc6 41.
bxc5 Qxc5+ 42. Kg2 Qxc4 43. Qd8+ Be8 44. Qd6+ Kg8 45. Qd8 Qc2+ 46. Kh3 Qc6 47.
Qb8 Kh7 48. Nd3 Bd7+ 49. Kg2 e4 0-1

[Event "GMI w Condom 2010"]
[Site "Condom"]
[Date "2010.??.??"]
[Round "5.1"]
[White "Gutierrez Castillo, Paloma"]
[Black "Tournier, Mathieu"]
[Result "1-0"]
[WhiteElo "2167"]
[BlackElo "2281"]
[PlyCount "97"]
[EventDate "2010.07.??"]
[EventType "tourn"]
[EventCountry "FRA"]
[WhiteTeamCountry "FRA"]
[BlackTeamCountry "FRA"]

1. e4 e5 2. Nf3 Nc6 3. Bc4 Nf6 4. d3 Be7 5. c3 O-O 6. Nbd2 d6 7. Bb3 Re8 8. Nf1
Na5 9. Bc2 c5 10. h3 Nc6 11. Ng3 h6 12. O-O Bf8 13. d4 Qc7 14. dxc5 dxc5 15.
Nh4 g6 16. Bb3 Be6 17. Bxe6 Rxe6 18. Be3 Nd8 19. Qf3 Nh7 20. Qg4 Bg7 21. f4 Nf6
22. Qf3 exf4 23. Bxf4 Qc6 24. Rad1 Nxe4 25. Ngf5 gxf5 26. Nxf5 Kh7 27. Qh5 Qe8
28. Nxg7 Kxg7 29. Rde1 Ng5 30. Bxg5 hxg5 31. Qxg5+ Kf8 32. Qxc5+ Qe7 33. Qh5
Ke8 34. Rd1 Rc8 35. Kh1 Nc6 36. Rd5 Rd8 37. Rg5 Rdd6 38. Rg8+ Kd7 39. Rxf7 a6
40. Rxe7+ Nxe7 41. Rg7 Kc6 42. b4 Rd5 43. Qe8+ Rd7 44. c4 Kc7 45. Qh5 b6 46. c5
Kc6 47. Qf3+ Kc7 48. cxb6+ Kxb6 49. Rf7 1-0

[Event "GMI w Condom 2010"]
[Site "Condom"]
[Date "2010.??.??"]
[Round "6.4"]
[White "Hamdouchi, Adina-Maria"]
[Black "Congiu, Mathilde"]
[Result "1/2-1/2"]
[WhiteElo "2319"]
[BlackElo "2199"]
[PlyCount "37"]
[EventDate "2010.07.??"]
[EventType "tourn"]
[EventCountry "FRA"]
[WhiteTeamCountry "FRA"]
[BlackTeamCountry "FRA"]

1. Nf3 d5 2. g3 Nf6 3. Bg2 Bf5 4. O-O e6 5. d3 Be7 6. c4 c6 7. cxd5 exd5 8. Qc2
h6 9. Nc3 O-O 10. e4 dxe4 11. dxe4 Bh7 12. Bf4 Na6 13. Rfd1 Qb6 14. Qe2 Bb4 15.
Ne5 Nc5 16. Be3 Qc7 17. Bf4 Qb6 18. Be3 Qc7 19. Bf4 1/2-1/2

[Event "GMI w Condom 2010"]
[Site "Condom"]
[Date "2010.??.??"]
[Round "8.3"]
[White "Hamdouchi, Adina-Maria"]
[Black "Fomichenko, Svetlana"]
[Result "1/2-1/2"]
[WhiteElo "2319"]
[BlackElo "2217"]
[PlyCount "108"]
[EventDate "2010.07.??"]
[EventType "tourn"]
[EventCountry "FRA"]
[WhiteTeamCountry "FRA"]
[BlackTeamCountry "FRA"]

1. Nf3 f5 2. d3 d6 3. e4 e5 4. Nc3 Nf6 5. exf5 Bxf5 6. d4 e4 7. Nh4 Be6 8. d5
Bf7 9. Nf5 Qd7 10. Ng3 Bg6 11. Qd4 c5 12. dxc6 Nxc6 13. Qa4 d5 14. Bg5 Bb4 15.
Bxf6 gxf6 16. O-O-O Bxc3 17. bxc3 O-O-O 18. Bc4 Qe6 19. Bb3 Qe5 20. h4 Qxc3 21.
Kb1 Qc5 22. h5 Be8 23. Rd2 Ne7 24. Qd4 Qxd4 25. Rxd4 f5 26. Rhd1 f4 27. Nxe4
Bxh5 28. Rh1 dxe4 29. Rxe4 Bg6 30. Rxe7 Rd2 31. Rf1 Rhd8 32. Kc1 Kb8 33. Ree1
Kc7 34. Re7+ Kb8 35. Re5 a6 36. Rc5 Ka7 37. a4 Re2 38. Rc4 Rdd2 39. Rxf4 Bxc2
40. Bc4 Bd3 41. Bxd3 Rxd3 42. Rh1 Ra3 43. Kb1 Rb3+ 44. Ka1 Rbb2 45. Rf1 Kb6 46.
Rb1 Rxb1+ 47. Kxb1 Ka5 48. Rf7 b6 49. Rf4 b5 50. axb5 axb5 51. Rf7 Ka4 52. Rxh7
Rxf2 53. Rh3 Rxg2 54. Rf3 Rg4 1/2-1/2

[Event "GMI w Condom 2010"]
[Site "Condom"]
[Date "2010.??.??"]
[Round "1.1"]
[White "Hamdouchi, Adina-Maria"]
[Black "Guichard, Pauline"]
[Result "1-0"]
[WhiteElo "2319"]
[BlackElo "2320"]
[PlyCount "77"]
[EventDate "2010.07.??"]
[EventType "tourn"]
[EventCountry "FRA"]
[WhiteTeamCountry "FRA"]
[BlackTeamCountry "FRA"]

1. Nf3 Nf6 2. g3 d5 3. Bg2 e6 4. c4 dxc4 5. Qa4+ c6 6. Qxc4 b5 7. Qc2 Bb7 8. d4
Nbd7 9. O-O Be7 10. Nc3 a6 11. Bg5 Rc8 12. Rfd1 h6 13. Bxf6 Nxf6 14. Ne5 Qb6
15. a4 O-O 16. e3 c5 17. Bxb7 Qxb7 18. axb5 axb5 19. dxc5 Rxc5 20. Nd3 Rf5 21.
Qb3 Qf3 22. Qc2 b4 23. Ne2 b3 24. Qd2 Ne4 25. Qe1 e5 26. Nc3 Ng5 27. Qf1 Qg4
28. Qg2 Rd8 29. Kf1 Nf3 30. Ra4 Qg6 31. e4 Rf6 32. Nd5 Bf8 33. Nxf6+ Qxf6 34.
Raa1 Rd4 35. Ne1 Nd2+ 36. Kg1 Bc5 37. Rac1 Nxe4 38. Rxd4 Bxd4 39. Rc8+ 1-0

[Event "GMI w Condom 2010"]
[Site "Condom"]
[Date "2010.??.??"]
[Round "3.1"]
[White "Hamdouchi, Adina-Maria"]
[Black "Tournier, Mathieu"]
[Result "1/2-1/2"]
[WhiteElo "2319"]
[BlackElo "2281"]
[PlyCount "49"]
[EventDate "2010.07.??"]
[EventType "tourn"]
[EventCountry "FRA"]
[WhiteTeamCountry "FRA"]
[BlackTeamCountry "FRA"]

1. Nf3 d5 2. g3 Nf6 3. Bg2 Bg4 4. c4 c6 5. O-O Nbd7 6. cxd5 cxd5 7. d3 e6 8.
Nc3 a6 9. h3 Bxf3 10. Bxf3 Bd6 11. Bg2 O-O 12. e4 d4 13. Ne2 e5 14. f4 Rc8 15.
Bd2 Qb6 16. Rb1 a5 17. Bf3 Nc5 18. Nc1 Qb5 19. Be2 a4 20. b4 Ncd7 21. a3 Qc6
22. Rb2 Nb6 23. f5 Be7 24. g4 h6 25. Na2 1/2-1/2

[Event "Condom op 10th"]
[Site "Condom"]
[Date "2010.??.??"]
[Round "5.1"]
[White "Hamdouchi, Hicham"]
[Black "Daskevics, Vadims"]
[Result "1/2-1/2"]
[WhiteElo "2600"]
[BlackElo "2414"]
[PlyCount "207"]
[EventDate "2010.07.??"]
[EventType "swiss"]
[EventRounds "9"]
[EventCountry "FRA"]
[WhiteTeamCountry "FRA"]
[BlackTeamCountry "FRA"]

1. e4 c5 2. Nf3 Nc6 3. d4 cxd4 4. Nxd4 Nf6 5. Nc3 d6 6. Bg5 Bd7 7. Qd2 Rc8 8.
f4 Nxd4 9. Qxd4 Qa5 10. e5 dxe5 11. fxe5 e6 12. O-O-O Bc6 13. Bb5 Nd5 14. Nxd5
Bxb5 15. Qxa7 Bb4 16. Qxa5 Bxa5 17. b4 exd5 18. bxa5 Bc4 19. Kb2 Kd7 20. Bd2
Ke6 21. Rhe1 Bb5 22. Re3 Ba4 23. Bc3 Rc4 24. Rg3 Rhc8 25. Rdd3 d4 26. Rxd4 Rxd4
27. Bxd4 Rxc2+ 28. Ka3 Rc4 29. Ba1 Bc6 30. Rxg7 Ra4+ 31. Kb3 Rxa5 32. a3 Rb5+
33. Kc4 Rb1 34. Bc3 Be4 35. Rg8 Rg1 36. g3 Rg2 37. Kd4 Bc6 38. h4 Re2 39. Rg5
Bf3 40. Kd3 Ra2 41. Rg7 Bh5 42. Kc4 Bg6 43. Bb4 Kxe5 44. h5 Be4 45. Rg5+ Kf6
46. Rb5 Bc6 47. Bc3+ Ke6 48. Re5+ Kd6 49. Kd4 Rf2 50. Bb4+ Kd7 51. Rg5 Ke6 52.
Rg7 Rf3 53. Rxh7 Rxg3 54. Rh6+ f6 55. Rh7 Rh3 56. h6 Rh4+ 57. Ke3 Kf5 58. Bf8
Kg6 59. Re7 f5 60. Kd3 f4 61. Rg7+ Kxh6 62. Rxb7+ Kh5 63. Rc7 Be8 64. Ke4 Bg6+
65. Kf3 Bf5 66. Bd6 Kg6 67. Bxf4 Rh3+ 68. Bg3 Rh1 69. Kf4 Bd3 70. Ke5 Rg1 71.
Rc3 Bb5 72. Ke6 Rb1 73. Kd5 Be8 74. Bd6 Rd1+ 75. Kc5 Kf5 76. Re3 Ba4 77. Re5+
Kf6 78. Re4 Bd7 79. Re3 Rc1+ 80. Kb4 Rb1+ 81. Ka5 Rb5+ 82. Ka6 Rd5 83. Bb4 Ba4
84. Re4 Kf5 85. Rh4 Bd1 86. Kb6 Rd3 87. Bc5 Rb3+ 88. Kc7 Rc3 89. Kd6 Rd3+ 90.
Ke7 Rd2 91. Bd6 Bg4 92. Bb4 Rd3 93. Rh1 Bd1 94. Re1 Ba4 95. Bd6 Bb3 96. Re5+
Kg6 97. Re4 Rd1 98. Rb4 Bc2 99. Kd7 Bf5+ 100. Kc6 Rc1+ 101. Bc5 Rb1 102. Rc4
Bd3 103. Rc3 Bf5 104. Bd4 1/2-1/2

[Event "Condom op 10th"]
[Site "Condom"]
[Date "2010.??.??"]
[Round "9.4"]
[White "Hamdouchi, Hicham"]
[Black "Favarel, Antoine"]
[Result "1-0"]
[WhiteElo "2600"]
[BlackElo "2244"]
[PlyCount "81"]
[EventDate "2010.07.??"]
[EventType "swiss"]
[EventRounds "9"]
[EventCountry "FRA"]
[WhiteTeamCountry "FRA"]
[BlackTeamCountry "FRA"]

1. e4 c6 2. c4 d5 3. cxd5 cxd5 4. exd5 Nf6 5. Nc3 Nxd5 6. Nf3 Nc6 7. Bb5 e6 8.
O-O Be7 9. d4 O-O 10. a3 Nxc3 11. bxc3 Qc7 12. Qe2 Na5 13. Bd3 g6 14. Bb2 b6
15. Rac1 Bf6 16. Ne5 Rd8 17. f4 Bb7 18. Rce1 Rac8 19. Qf2 Bd5 20. Qg3 Nc4 21.
Bc1 Nd6 22. Bd2 Nc4 23. Bxc4 Bxc4 24. Rf2 Qe7 25. Qh3 Qxa3 26. Qg4 Bg7 27. h4
h5 28. Qf3 Bd5 29. Qd3 Ba8 30. Re3 Qd6 31. Rg3 Rc7 32. Qe2 a5 33. Nxg6 fxg6 34.
Rxg6 Qd5 35. f5 exf5 36. Qxh5 Rf7 37. Bf4 a4 38. Be5 Rdd7 39. Re2 a3 40. Bxg7
Rxg7 41. Re8+ 1-0

[Event "Condom op 10th"]
[Site "Condom"]
[Date "2010.??.??"]
[Round "4.1"]
[White "Hamdouchi, Hicham"]
[Black "Libiszewski, Fabien"]
[Result "1/2-1/2"]
[WhiteElo "2600"]
[BlackElo "2488"]
[PlyCount "65"]
[EventDate "2010.07.??"]
[EventType "swiss"]
[EventRounds "9"]
[EventCountry "FRA"]
[WhiteTeamCountry "FRA"]
[BlackTeamCountry "FRA"]

1. e4 e6 2. d4 d5 3. Nc3 Nf6 4. Bg5 Bb4 5. e5 h6 6. Be3 Ne4 7. Qg4 g6 8. a3
Bxc3+ 9. bxc3 Nc6 10. Bd3 Nxc3 11. h4 Ne7 12. h5 g5 13. Ne2 Nxe2 14. Qxe2 Nf5
15. g4 Nxe3 16. fxe3 c5 17. c3 Qa5 18. Kd2 Bd7 19. Rhf1 Rc8 20. Rac1 cxd4 21.
exd4 Qxa3 22. Qf3 Qe7 23. Ra1 a6 24. Rf2 Rc7 25. Qd1 Kf8 26. Qb3 Kg7 27. Raf1
Be8 28. Rf6 Qd7 29. Ra1 Rf8 30. Ra5 Qe7 31. Ra1 Qd7 32. Ra5 Qe7 33. Ra1 1/2-1/2

[Event "Condom op 10th"]
[Site "Condom"]
[Date "2010.??.??"]
[Round "4.38"]
[White "Harmel, Ferdinand"]
[Black "Broly, Marine"]
[Result "1-0"]
[WhiteElo "1702"]
[BlackElo "1730"]
[PlyCount "57"]
[EventDate "2010.07.??"]
[EventType "swiss"]
[EventRounds "9"]
[EventCountry "FRA"]
[WhiteTeamCountry "FRA"]
[BlackTeamCountry "FRA"]

1. e4 e5 2. Nf3 Nc6 3. Bc4 Bc5 4. b4 Bxb4 5. c3 Bc5 6. O-O Nge7 7. d4 exd4 8.
cxd4 Bb6 9. Ng5 O-O 10. Qh5 h6 11. Nxf7 Rxf7 12. Bxf7+ Kf8 13. Bb3 d5 14. exd5
Nxd4 15. d6 Nxb3 16. dxe7+ Qxe7 17. Qf3+ Kg8 18. Qxb3+ Be6 19. Qc2 Rd8 20. Ba3
Qf7 21. Nc3 Bc4 22. Rfe1 Bxf2+ 23. Qxf2 Qxf2+ 24. Kxf2 b6 25. Re7 Rd2+ 26. Kg1
Rc2 27. Ne4 Bd5 28. Rf1 Rxa2 29. Bb4 1-0

[Event "Condom op 10th"]
[Site "Condom"]
[Date "2010.??.??"]
[Round "5.8"]
[White "Houard, Yannick"]
[Black "Forestie, Pierre"]
[Result "1/2-1/2"]
[WhiteElo "2238"]
[BlackElo "2076"]
[PlyCount "121"]
[EventDate "2010.07.??"]
[EventType "swiss"]
[EventRounds "9"]
[EventCountry "FRA"]
[WhiteTeamCountry "FRA"]
[BlackTeamCountry "FRA"]

1. e4 e5 2. Nf3 Nc6 3. Bb5 Bc5 4. O-O Nd4 5. Nxd4 Bxd4 6. c3 Bb6 7. d4 c6 8.
Bc4 d6 9. Qd3 Qf6 10. Be3 Ne7 11. f4 exd4 12. Bxd4 Bxd4+ 13. cxd4 O-O 14. Nc3
d5 15. exd5 Bf5 16. Qd2 cxd5 17. Bb3 Rad8 18. Rae1 Rd7 19. Re5 Rfd8 20. Rfe1 h6
21. Ba4 Nc6 22. Bxc6 bxc6 23. Na4 Rb7 24. Nc5 Rb5 25. b3 Kh7 26. h3 h5 27. Kh2
a5 28. Qe2 g6 29. Qe3 Rb4 30. a3 Rb5 31. Re7 Be4 32. Re5 Bf5 33. Re8 Be4 34.
Rxd8 Qxd8 35. Re2 Qe7 36. Qf2 f5 37. Qe3 Qd6 38. Kg1 Kg7 39. Re1 Qe7 40. Kh2
Qd6 41. Kg1 Qe7 42. Qf2 Kh7 43. Rc1 Rb8 44. Qg3 Rc8 45. h4 Qf6 46. Rd1 Qd6 47.
Qg5 Rb8 48. Rc1 Rb6 49. Rc3 Rb8 50. Rg3 Rg8 51. Kh2 Rg7 52. b4 axb4 53. axb4
Ra7 54. Nb3 Ra2 55. Nc5 Ra7 56. Nb3 Ra2 57. Na5 Qe6 58. Nb7 Ra7 59. Na5 Qd6 60.
Nb3 Ra2 61. Na5 1/2-1/2